<?xml version="1.0" encoding="UTF-8"?>
<record
    xmlns:xsi="http://www.w3.org/2001/XMLSchema-instance"
    xsi:schemaLocation="http://www.loc.gov/MARC21/slim http://www.loc.gov/standards/marcxml/schema/MARC21slim.xsd"
    xmlns="http://www.loc.gov/MARC21/slim">

  <leader>01157nam#a2200349#i#4500</leader>
  <controlfield tag="001">9912786672405606</controlfield>
  <controlfield tag="005">20260503180701.0</controlfield>
  <controlfield tag="008">131022s2005    pl#           000 0 pol#c</controlfield>
  <controlfield tag="009">b0000280028536</controlfield>
  <datafield tag="020" ind1=" " ind2=" ">
    <subfield code="a">8373271732</subfield>
  </datafield>
  <datafield tag="035" ind1=" " ind2=" ">
    <subfield code="a">SKI_1134891-48omnis_ski</subfield>
  </datafield>
  <datafield tag="035" ind1=" " ind2=" ">
    <subfield code="a">134891</subfield>
  </datafield>
  <datafield tag="035" ind1=" " ind2=" ">
    <subfield code="a">(PL)b0000280028536</subfield>
  </datafield>
  <datafield tag="040" ind1=" " ind2=" ">
    <subfield code="a">SKIERN W</subfield>
    <subfield code="c">SKIERN W</subfield>
    <subfield code="d">WA N</subfield>
  </datafield>
  <datafield tag="041" ind1="0" ind2=" ">
    <subfield code="a">pol</subfield>
  </datafield>
  <datafield tag="080" ind1=" " ind2=" ">
    <subfield code="a">821.162.1-3</subfield>
  </datafield>
  <datafield tag="100" ind1="1" ind2=" ">
    <subfield code="a">Reymont, W&#x142;adys&#x142;aw Stanis&#x142;aw</subfield>
    <subfield code="d">(1867-1925)</subfield>
  </datafield>
  <datafield tag="245" ind1="1" ind2="0">
    <subfield code="a">Ch&#x142;opi /</subfield>
    <subfield code="c">W&#x142;adys&#x142;aw Stanis&#x142;aw Reymont ; oprac. Anna Pop&#x142;awska.</subfield>
  </datafield>
  <datafield tag="260" ind1=" " ind2=" ">
    <subfield code="a">Krak&#xF3;w :</subfield>
    <subfield code="b">"Greg",</subfield>
    <subfield code="c">2005.</subfield>
  </datafield>
  <datafield tag="300" ind1=" " ind2=" ">
    <subfield code="a">710 s. ;</subfield>
    <subfield code="c">21 cm.</subfield>
  </datafield>
  <datafield tag="336" ind1=" " ind2=" ">
    <subfield code="a">Tekst</subfield>
    <subfield code="b">txt</subfield>
    <subfield code="2">rdacontent</subfield>
  </datafield>
  <datafield tag="337" ind1=" " ind2=" ">
    <subfield code="a">Bez urz&#x105;dzenia po&#x15B;redniego</subfield>
    <subfield code="b">n</subfield>
    <subfield code="2">rdamedia</subfield>
  </datafield>
  <datafield tag="338" ind1=" " ind2=" ">
    <subfield code="a">Wolumin</subfield>
    <subfield code="b">nc</subfield>
    <subfield code="2">rdacarrier</subfield>
  </datafield>
  <datafield tag="380" ind1=" " ind2=" ">
    <subfield code="a">Ksi&#x105;&#x17C;ki</subfield>
  </datafield>
  <datafield tag="490" ind1="1" ind2=" ">
    <subfield code="a">Lektura. Wydanie z opracowaniem/"Greg"</subfield>
  </datafield>
  <datafield tag="500" ind1=" " ind2=" ">
    <subfield code="a">zawiera: notatki na marginesie, cytaty, kt&#xF3;re warto zna&#x107;, streszczenie</subfield>
  </datafield>
  <datafield tag="500" ind1=" " ind2=" ">
    <subfield code="a">Lektura.Wydanie z opracowaniem</subfield>
  </datafield>
  <datafield tag="650" ind1="0" ind2="4">
    <subfield code="a">Powie&#x15B;&#x107; polska</subfield>
    <subfield code="x">spo&#x142;eczno-obyczajowa</subfield>
  </datafield>
  <datafield tag="700" ind1="1" ind2=" ">
    <subfield code="a">Pop&#x142;awska, Anna</subfield>
    <subfield code="e">Opracowanie</subfield>
  </datafield>
  <datafield tag="830" ind1=" " ind2="0">
    <subfield code="a">Lektura. Wydanie z opracowaniem/"Greg"</subfield>
  </datafield>
  <datafield tag="942" ind1=" " ind2=" ">
    <subfield code="2">z</subfield>
    <subfield code="c">BK</subfield>
    <subfield code="n">0</subfield>
  </datafield>
  <datafield tag="999" ind1=" " ind2=" ">
    <subfield code="c">26</subfield>
    <subfield code="d">26</subfield>
  </datafield>
  <datafield tag="952" ind1=" " ind2=" ">
    <subfield code="0">0</subfield>
    <subfield code="1">0</subfield>
    <subfield code="2">z</subfield>
    <subfield code="4">0</subfield>
    <subfield code="7">0</subfield>
    <subfield code="a">KSP_RYT</subfield>
    <subfield code="b">KSP_RYT</subfield>
    <subfield code="d">2014-07-19</subfield>
    <subfield code="e">da</subfield>
    <subfield code="g">10.00</subfield>
    <subfield code="i">RYT-060</subfield>
    <subfield code="j">1/2014</subfield>
    <subfield code="l">0</subfield>
    <subfield code="o">R.60</subfield>
    <subfield code="p">2000000000602</subfield>
    <subfield code="r">2026-05-03 18:07:55</subfield>
    <subfield code="w">2026-05-03</subfield>
    <subfield code="y">BK</subfield>
  </datafield>
</record>
